Warren County mineral resources. (Record no. 27739)

MARC details
000 -LEADER
fixed length control field 01391cam a22003491 4500
001 - CONTROL NUMBER
control field gs 41000136
003 - CONTROL NUMBER IDENTIFIER
control field DLC
005 - DATE AND TIME OF LATEST TRANSACTION
control field 20260227111347.0
008 - FIXED-LENGTH DATA ELEMENTS--GENERAL INFORMATION
fixed length control field 780228s1941 msuab b 000 0 eng c
010 ## - LIBRARY OF CONGRESS CONTROL NUMBER
LC control number gs 41000136
035 ## - SYSTEM CONTROL NUMBER
System control number (OCoLC)3677934
040 ## - CATALOGING SOURCE
Original cataloging agency U.S. Geol. Survey. Library
Transcribing agency OT
Modifying agency OCoLC
-- DLC
042 ## - AUTHENTICATION CODE
Authentication code premarc
050 00 - LIBRARY OF CONGRESS CALL NUMBER
Classification number QE129
Item number .A2 no. 43
082 ## - DEWEY DECIMAL CLASSIFICATION NUMBER
Classification number 553.09762
110 2# - MAIN ENTRY--CORPORATE NAME
Corporate name or jurisdiction name as entry element Mississippi Geological, Economic, and Topographical Survey.
245 10 - TITLE STATEMENT
Title Warren County mineral resources.
260 ## - PUBLICATION, DISTRIBUTION, ETC.
Place of publication, distribution, etc. University,
Date of publication, distribution, etc. 1941.
300 ## - PHYSICAL DESCRIPTION
Extent 140 p.
Other physical details illus. (part fold.) maps (1 fold) tables.
Dimensions 23 cm.
490 1# - SERIES STATEMENT
Series statement Its Bulletin
Volume/sequential designation 43
500 ## - GENERAL NOTE
General note At head of title: Mississippi. State Geological Survey.
500 ## - GENERAL NOTE
General note "Prepared in cooperation with the Warren citizens and the WPA as a report on O.P. 465-62-3-275."
505 0# - FORMATTED CONTENTS NOTE
Formatted contents note Geology, by F.F. Mellen.--Tests, clays, by T.E. McCutcheon.--Tests, maris and limestones, by M.R. Livingston.
504 ## - BIBLIOGRAPHY, ETC. NOTE
Bibliography, etc. note "References": p. 86-88, 139-140.
650 #0 - SUBJECT ADDED ENTRY--TOPICAL TERM
Topical term or geographic name entry element Geology
Geographic subdivision Mississippi
-- Warren County.
650 #0 - SUBJECT ADDED ENTRY--TOPICAL TERM
Topical term or geographic name entry element Clay
General subdivision Testing.
650 #0 - SUBJECT ADDED ENTRY--TOPICAL TERM
Topical term or geographic name entry element Mines and mineral resources
Geographic subdivision Mississippi
-- Warren County.
700 1# - ADDED ENTRY--PERSONAL NAME
Personal name Mellen, Frederic Francis,
Dates associated with a name 1911-
700 1# - ADDED ENTRY--PERSONAL NAME
Personal name McCutcheon, Thomas Edwin.
700 1# - ADDED ENTRY--PERSONAL NAME
Personal name Livingston, Malcolm Rogers.
810 2# - SERIES ADDED ENTRY--CORPORATE NAME
Corporate name or jurisdiction name as entry element Mississippi Geological, Economic, and Topographical Survey.
Title of a work Bulletin
Volume/sequential designation 43.

No items available.

Powered by Koha